00390nam a2200145Ia 4500008004100000020002200041082001800063100001300081245007100094250001100165260004200176300001000218365000800228542000800236220603s9999 xx 000 0 und d a978-0-8036-1581-6 a616.0754bDIL aDillon P aNursing Health AssessmentbCritical thinking case studies approach a2nd ed aPhiladelphiabF A Davis Companyc2007 a1090p bRs. bDBB